01457nam a22003617a 4500003000500000005001700005008004100022010001000063011001000073035001000083040000900093090002500102111011100127245010300238260002300341300000900364590004100373590004100414590004100455590004100496590004200537650002900579650001800608650001800626710000900644901000700653942000900660949005800669949006300727999001700790952013600807952015200943CHAP20220817041707.0971013s1993 r 10010 d a21748 a22720 a26815 cCHAP aFolleto 5643p (1993)00aGrupo Intergubernamental sobre el Yute, El Kenaf y Fibras Afines. Reunión. (n29d: 1993c: Roma)950896 aInformeb: principales conclusiones de la consulta internacional sobre el yute y el medio ambiente aRoma :bFAO,c1993 a5 p. aBATCH-UPDb10c20130110lUCH01h0214 aBATCH-UPDb10c20130110lUCH01h1945 aBATCH-UPDb10c20130409lUCH01h2231 aBATCH-UPDb10c20130914lUCH01h1354 aCONVERSIONb10c20130109lUCH01h131314aFibras vegetales.94070314aKenaf.96300614aYute.91233610 aFAO. aBK cFOLL aFolleto 5643p (1993)bBCcFAOd-61890eFAO1i26815si aFolleto 5643p (1993)bBCcFAOd-61894eFAO2fc.2i26815si c21748d21748 00102local4051708FAOaBCbBCcPP_FAOd2012-12-17fFOLLl0oFolleto 5643p (1993)p-61890r2019-12-31 00:00:00w2012-12-17yFOLL 00104051708FAOaBCbBCcPP_FAOd2012-12-17fFOLLl0oFolleto 5643p (1993)p-61894r2019-12-31 00:00:00tc.2w2019-12-31yFOLLzRecien adquirido